01031nam0a22002531 4500001001100000005001700011021001900028035002600047100004100073101000800114102000700122105001800129200013100147210011300278215002200391225004200413300005900455608004800514700012100562702002900683801001800712801002200730852002500752rc\400422020260406151909.0 aRUb[48-20151] a(NLR Aleph) 008075167 a20130415d1948 |||y0rusy50 ca0 arus aRU aa z |||||1 aСказка об Иване царевиче и сером волкеe[Для нач. школыfИл.: Э. Криммер] aМоскваaЛенинградcИзд-во и 2-я ф-ка дет. книги Детгиза в Л.d1948 a36 с.cил.d191 aШкольная библиотека aПеред загл. авт.: В. Жуковский aСказки русские (д. л.)2psbo 18rus7caaЖуковскийbВ. А.f1783-1852cпоэтgВасилий Андреевич3RU\NLR\AUTH\775529 1aКриммерbЭ.4440 0aRUbNLRgpsbo 1aRUbELAR2rusmarc aNLRjДл02 Г-4/677